Sprites Games Quiz Stats

 Plays Quiz not verified by Sporcle

Challenge
Share
Tweet
Embed
Score 0/25 Timer 04:00
0 Plays Today
Player Game or Series % Correct
LuigiMario Bros.
95.2%
LinkThe Legend of Zelda
90.5%
Left PaddlePong
81%
Samus AranMetroid
81%
Black MageFinal Fantasy
76.2%
ProtomanMega Man
76.2%
Simon BelmontCastlevania
71.4%
CronoChrono Trigger
66.7%
Little MacPunch-Out
61.9%
Ken MastersStreet Fighter
61.9%
Ecco the DolphinEcco the Dolphin
61.9%
Knuckles the EchidnaSonic the Hedgehog
57.1%
NessEarthbound
57.1%
Player Game or Series % Correct
ZeroMega Man X
52.4%
CATSZero Wing
52.4%
PitKid Icarus
52.4%
Rydia of MistFinal Fantasy 4
52.4%
ErdrickDragon Warrior
38.1%
Bill RizerContra
38.1%
Dirk the DaringDragon's Lair
33.3%
Sir ArthurGhosts 'n Goblins
33.3%
Alis LandalePhantasy Star
28.6%
Axe BattlerGolden Axe
23.8%
BobBubble Bobble
23.8%
Mike HaggarFinal Fight
19%

You're not logged in!

Compare scores with friends on all Sporcle quizzes.
OR
Log In

You Might Also Like...

Show Comments

Extras

Created May 14, 2011ReportNominate
Tags:player, sprite

Top Quizzes Today


Score Distribution

Your Account Isn't Verified!

In order to create a playlist on Sporcle, you need to verify the email address you used during registration. Go to your Sporcle Settings to finish the process.

Report this User

Report this user for behavior that violates our Community Guidelines.

Details: